000 00760cam a22002533a 4500
001 11509
003 PGUSA
005 20140828083237.0
008 040301s2004||||xxu|||||s|||||000 | eng d
040 _aPGUSA
_beng
042 _adc
050 4 _aBT
100 1 _aNewton, Richard,
_d1813-1887
245 1 4 _aThe Life of Jesus Christ for the Young, Vol. 3
_h[electronic resource] /
_cRichard Newton
260 _bProject Gutenberg,
_c2004
506 _aPublic domain in the USA.
516 _aElectronic text
653 _aJesus Christ -- Art
653 _aJesus Christ -- Biography -- Juvenile literature
700 1 _aHole, William,
_d1846-1917
830 0 _aProject Gutenberg
_v11509
856 4 0 _uhttp://www.gutenberg.org/ebooks/11509
942 _cEB
999 _c240764
_d240764